00000000nam 2200000zi 4500
0019.947519
003CaOODSP
00520250403102727
006m     o  d f      
007cr mn|||||||||
008250129e20250129oncabd  obs  f000 0 fre d
040 |aCaOODSP|bfre|erda|cCaOODSP
043 |an-cn---
0861 |aCS75-006/2025-2-2F-PDF
1001 |aLayton, Jaclyn, |eauteur.
24510|aLoin de la maison : |bachèvement des études secondaires chez les membres des Premières Nations, les Métis et les Inuit dans les communautés éloignées, 2016 à 2021 / |cpar Jaclyn Layton.
264 1|a[Ottawa] : |bStatistique Canada = Statistics Canada, |c29 janvier 2025.
264 4|c©2025
300 |a1 ressource en ligne (7 pages) : |billustration en couleur, carte en couleur, graphiques en couleur.
336 |atexte|btxt|2rdacontent/fre
337 |ainformatique|bc|2rdamedia/fre
338 |aressource en ligne|bcr|2rdacarrier/fre
4901 |aRegards sur la société canadienne, |v2291-0859
500 |aPublié aussi en anglais sous le titre : Far from home: high school completion for First Nations people, Métis, and Inuit in remote communities, 2016 to 2021.
500 |a« N° 75‑006‑X au catalogue. »
504 |aComprend des références bibliographiques (page 7).
650 6|aAutochtones|xEnseignement secondaire|zCanada|vStatistiques.
655 7|aStatistiques|2rvmgf
7102 |aStatistique Canada, |eorganisme de publication.
77508|tFar from home : |w(CaOODSP)9.947515
830#0|aRegards sur la société canadienne (Statistique Canada)|w(CaOODSP)9.503798
85640|qPDF|s882 Ko|uhttps://publications.gc.ca/collections/collection_2025/statcan/75-006-x/75-006-2025-2-2-fra.pdf
8564 |qHTML|sS.O.|uhttps://www150.statcan.gc.ca/n1/pub/75-006-x/2025002/article/00002-fra.htm